Sports Quiz

Random Sports or NBA Quiz

NBA Champs Big Three Quiz Stats

Quiz Updated Jun 9, 2018

Challenge
Share
Tweet
Embed
Score 0/207 Timer 10:00
53 Plays Today
Year Player % Correct
2018 - Golden State WarriorsStephen Curry
99.7%
2012 - Miami HeatLeBron James
99.3%
2016 - Cleveland CavaliersLeBron James
99.2%
2018 - Golden State WarriorsKevin Durant
99%
2017 - Golden State WarriorsStephen Curry
99%
2013 - Miami HeatLeBron James
98.2%
2018 - Golden State WarriorsDraymond Green
97.9%
2015 - Golden State WarriorsStephen Curry
97.4%
2017 - Golden State WarriorsKevin Durant
96.9%
2010 - Los Angeles LakersKobe Bryant
96.7%
2009 - Los Angeles LakersKobe Bryant
96.7%
2002 - Los Angeles LakersKobe Bryant
96.7%
2001 - Los Angeles LakersKobe Bryant
96.7%
2000 - Los Angeles LakersKobe Bryant
96.7%
2012 - Miami HeatDwyane Wade
96.7%
2006 - Miami HeatDwyane Wade
96.7%
2007 - San Antonio SpursTim Duncan
96%
2005 - San Antonio SpursTim Duncan
96%
2003 - San Antonio SpursTim Duncan
96%
1999 - San Antonio SpursTim Duncan
96%
2017 - Golden State WarriorsDraymond Green
95.6%
2014 - San Antonio SpursTim Duncan
95.5%
2013 - Miami HeatDwyane Wade
95.4%
1998 - Chicago BullsMichael Jordan
94.6%
1997 - Chicago BullsMichael Jordan
94.6%
1996 - Chicago BullsMichael Jordan
94.6%
1993 - Chicago BullsMichael Jordan
94.6%
1992 - Chicago BullsMichael Jordan
94.6%
1991 - Chicago BullsMichael Jordan
94.6%
2007 - San Antonio SpursTony Parker
94.5%
2005 - San Antonio SpursTony Parker
94.5%
2003 - San Antonio SpursTony Parker
94.5%
2012 - Miami HeatChris Bosh
94.3%
2015 - Golden State WarriorsKlay Thompson
93.8%
2006 - Miami HeatShaquille O'Neal
93.6%
2002 - Los Angeles LakersShaquille O'Neal
93.6%
2001 - Los Angeles LakersShaquille O'Neal
93.6%
2000 - Los Angeles LakersShaquille O'Neal
93.6%
2013 - Miami HeatChris Bosh
92.8%
2015 - Golden State WarriorsDraymond Green
92.8%
2016 - Cleveland CavaliersTristan Thompson
92.7%
1997 - Chicago BullsScottie Pippen
91.3%
1996 - Chicago BullsScottie Pippen
91.3%
1993 - Chicago BullsScottie Pippen
91.3%
1992 - Chicago BullsScottie Pippen
91.3%
1991 - Chicago BullsScottie Pippen
91.3%
2011 - Dallas MavericksDirk Nowitzki
90.7%
2008 - Boston CelticsKevin Garnett
90%
2008 - Boston CelticsPaul Pierce
89.9%
2016 - Cleveland CavaliersKevin Love
89.2%
2014 - San Antonio SpursKawhi Leonard
86.9%
2008 - Boston CelticsRay Allen
86.9%
1988 - Los Angeles LakersMagic Johnson
86.4%
1987 - Los Angeles LakersMagic Johnson
86.4%
1985 - Los Angeles LakersMagic Johnson
86.4%
1982 - Los Angeles LakersMagic Johnson
86.4%
1980 - Los Angeles LakersMagic Johnson
86.4%
1979 - Seattle SuperSonicsDennis Johnson
85.2%
1951 - Rochester RoyalsArnie Johnson
85.1%
1986 - Boston CelticsLarry Bird
85%
1984 - Boston CelticsLarry Bird
85%
1981 - Boston CelticsLarry Bird
85%
2010 - Los Angeles LakersPau Gasol
83.6%
2009 - Los Angeles LakersPau Gasol
83.6%
1998 - Chicago BullsDennis Rodman
82.5%
1990 - Detroit PistonsDennis Rodman
82.5%
1989 - Detroit PistonsDennis Rodman
82.5%
2007 - San Antonio SpursManu Ginobili
82.3%
2005 - San Antonio SpursManu Ginobili
82.3%
Year Player % Correct
1988 - Los Angeles LakersAC Green and James Worthy
79.2%
2003 - San Antonio SpursDavid Robinson
78.9%
1999 - San Antonio SpursDavid Robinson
78.9%
1995 - Houston RocketsHakeem Olajuwon
78.4%
1994 - Houston RocketsHakeem Olajuwon
78.4%
2004 - Detroit PistonsBen Wallace
76.8%
1985 - Los Angeles LakersKareem Abdul-Jabbar
76.7%
1982 - Los Angeles LakersKareem Abdul-Jabbar
76.7%
1980 - Los Angeles LakersKareem Abdul-Jabbar
76.7%
1971 - Milwaukee BucksKareem Abdul-Jabbar
76.7%
1989 - Detroit PistonsIsiah Thomas and Joe Dumars
75.4%
2004 - Detroit PistonsChauncey Billups
74.6%
1969 - Boston CelticsBill Russell
73.6%
1968 - Boston CelticsBill Russell
73.5%
1966 - Boston CelticsBill Russell
73.6%
1965 - Boston CelticsBill Russell
73.6%
1964 - Boston CelticsBill Russell
73.6%
1963 - Boston CelticsBill Russell
73.6%
1962 - Boston CelticsBill Russell
73.6%
1961 - Boston CelticsBill Russell
73.5%
1960 - Boston CelticsBill Russell
73.5%
1959 - Boston CelticsBill Russell
73.5%
2011 - Dallas MavericksJason Kidd
71.2%
1972 - Los Angeles LakersWilt Chamberlain
69.7%
1967 - Philadelphia 76ersWilt Chamberlain
69.7%
2004 - Detroit PistonsRichard Hamilton
66.9%
1986 - Boston CelticsKevin McHale
65.6%
1984 - Boston CelticsKevin McHale
65.6%
1983 - Philadelphia 76ersJulius Erving
62.2%
1987 - Los Angeles LakersJames Worthy
61.5%
1985 - Los Angeles LakersJames Worthy
61.5%
1972 - Los Angeles LakersJerry West
60.4%
1983 - Philadelphia 76ersMoses Malone
59.9%
1990 - Detroit PistonsJoe Dumars
59.3%
1986 - Boston CelticsRobert Parish
56.8%
1984 - Boston CelticsRobert Parish
56.8%
1981 - Boston CelticsRobert Parish
56.8%
1994 - Houston RocketsKenny Smith
56.5%
1995 - Houston RocketsKenny Smith
56.5%
1997 - Chicago BullsSteve Kerr
55.4%
1955 - Syracuse NationalsRed Rocha and Red Kerr
55%
1995 - Houston RocketsClyde Drexler
54.4%
1992 - Chicago BullsHorace Grant
52.4%
2001 - Los Angeles LakersHorace Grant
52.4%
1993 - Chicago BullsHorace Grant
52.4%
1991 - Chicago BullsHorace Grant
52.4%
2010 - Los Angeles LakersAndrew Bynum
52.1%
2002 - Los Angeles LakersRobert Horry
51.5%
1961 - Boston CelticsBob Cousy
50.5%
1960 - Boston CelticsBob Cousy
50.5%
1959 - Boston CelticsBob Cousy
50.5%
1957 - Boston CelticsBob Cousy
50.5%
1977 - Portland Trail BlazersBill Walton
50%
1976 - Boston CelticsJohn Havlicek
49.6%
1974 - Boston CelticsJohn Havlicek
49.6%
1964 - Boston CelticsJohn Havlicek
49.6%
2011 - Dallas MavericksTyson Chandler
49.3%
1971 - Milwaukee BucksOscar Robertson
47.6%
1968 - Boston CelticsSam Jones
47.3%
1966 - Boston CelticsSam Jones
47.3%
1965 - Boston CelticsSam Jones
47.3%
1964 - Boston CelticsSam Jones
47.3%
1963 - Boston CelticsSam Jones
47.3%
1962 - Boston CelticsSam Jones
47.3%
1961 - Boston CelticsSam Jones
47.3%
1966 - Boston CelticsKC Jones
47.3%
1990 - Detroit PistonsBill Laimbeer
44.6%
1989 - Detroit PistonsBill Laimbeer
44.6%
1996 - Chicago BullsToni Kukoc
42.5%
Year Player % Correct
2009 - Los Angeles LakersLamar Odom
41.2%
1970 - New York KnicksWillis Reed
41%
1954 - Minneapolis LakersGeorge Mikan
40.5%
1953 - Minneapolis LakersGeorge Mikan
40.5%
1952 - Minneapolis LakersGeorge Mikan
40.5%
1950 - Minneapolis LakersGeorge Mikan
40.5%
1973 - New York KnicksWalt Frazier
39%
1970 - New York KnicksWalt Frazier
38.9%
2006 - Miami HeatUdonis Haslem
38.7%
1975 - Golden State WarriorsRick Barry
37.8%
1958 - St. Louis HawksBob Pettit
35.4%
1978 - Washington BulletsWes Unseld
33.3%
1998 - Chicago BullsRon Harper
32.7%
1979 - Seattle SuperSonicsGus Williams
29.9%
1988 - Los Angeles LakersByron Scott
29.5%
1987 - Los Angeles LakersByron Scott
29.5%
1978 - Washington BulletsElvin Hayes
26.5%
1981 - Boston CelticsCedric Maxwell
25.8%
1976 - Boston CelticsDave Cowens
24.6%
1974 - Boston CelticsDave Cowens
24.6%
1983 - Philadelphia 76ersMaurice Cheeks
24.5%
1973 - New York KnicksEarl Monroe
21.9%
1976 - Boston CelticsJoJo White
20.4%
1963 - Boston CelticsTom Sanders and Tom Heinsohn
19.4%
1962 - Boston CelticsTom Heinsohn
18.5%
1957 - Boston CelticsTom Heinsohn
18.5%
2000 - Los Angeles LakersGlen Rice
18.5%
1967 - Philadelphia 76ersChet Walker
17.2%
1972 - Los Angeles LakersGail Goodrich
16.3%
1955 - Syracuse NationalsDolph Schayes
16.1%
1973 - New York KnicksJerry Lucas
15.5%
1977 - Portland Trail BlazersMaurice Lucas
15.5%
1994 - Houston RocketsOtis Thorpe
15.5%
1979 - Seattle SuperSonicsJack Sikma
12.5%
1956 - Philadelphia WarriorsPaul Arizin
11.9%
1967 - Philadelphia 76ersHal Greer
11.7%
1982 - Los Angeles LakersJamaal Wilkes
10.7%
1980 - Los Angeles LakersJamaal Wilkes
10.7%
1960 - Boston CelticsBill Sharman
10.7%
1959 - Boston CelticsBill Sharman
10.7%
1957 - Boston CelticsBill Sharman
10.7%
1999 - San Antonio SpursMario Elie
10.6%
1965 - Boston CelticsTom Sanders
10.2%
2014 - San Antonio SpursMarco Belinelli
9.2%
1969 - Boston CelticsDon Nelson
7.9%
1978 - Washington BulletsBob Dandridge
6.9%
1971 - Milwaukee BucksBob Dandridge
6.9%
1954 - Minneapolis LakersSlater Martin
4.9%
1953 - Minneapolis LakersSlater Martin
4.9%
1952 - Minneapolis LakersSlater Martin
4.9%
1974 - Boston CelticsPaul Silas
4.7%
1954 - Minneapolis LakersVern Mikkelsen
4.5%
1953 - Minneapolis LakersVern Mikkelsen
4.5%
1952 - Minneapolis LakersVern Mikkelsen
4.5%
1950 - Minneapolis LakersVern Mikkelsen
4.5%
1956 - Philadelphia WarriorsNeil Johnston
4.4%
1975 - Golden State WarriorsClifford Ray
3.7%
1968 - Boston CelticsBailey Howell
3.3%
1969 - Boston CelticsBailey Howell
3.3%
1958 - St. Louis HawksCliff Hagan
3.2%
1970 - New York KnicksDick Barnett
3.1%
1958 - St. Louis HawksEd Macauley
3%
1950 - Minneapolis LakersJim Pollard and Herm Schaefer
1.9%
1956 - Philadelphia WarriorsTom Gola
1.7%
1977 - Portland Trail BlazersDave Twardzik
1.6%
1951 - Rochester RoyalsArnie Risen
1.3%
1951 - Rochester RoyalsBob Davies and Bobby Wanzer
1.3%
1975 - Golden State WarriorsButch Beard
1%
1955 - Syracuse NationalsPaul Seymour
0.6%

You're not logged in!

Compare scores with friends on all Sporcle quizzes.
Join for Free
OR
Log In

You Might Also Like...

Show Comments

Extras

Top Quizzes Today


Score Distribution

Your Account Isn't Verified!

In order to create a playlist on Sporcle, you need to verify the email address you used during registration. Go to your Sporcle Settings to finish the process.

Report this User

Report this user for behavior that violates our Community Guidelines.

Details: